| 000 | 00691nam a2200205 a 4500 | ||
|---|---|---|---|
| 005 | 20210223120759.0 | ||
| 008 | 991125s1973 new 000 0 eng u | ||
| 020 | _a0835206424 | ||
| 035 | _aUPN01000006953 | ||
| 049 | _aCE | ||
| 050 | 4 |
_aZ678.9 _bP3.2 |
|
| 100 | 1 | _aPalmer, Richard Phillips | |
| 245 | 1 | 0 |
_aCase studies in library computer systems / _cby Richard Phillips Palmer. |
| 260 |
_aNew York : _bBowker, _c1973. |
||
| 300 | _a214 p. | ||
| 440 | 0 | _aBowker series in problem-centred approaches to librarianship | |
| 650 | 4 |
_aBIBLIOTECAS - _xAUTOMATIZACION - _vESTUDIO DE CASOS _98830 |
|
| 650 | 4 |
_aBIBLIOTECOLOGIA - _xPROCESAMIENTO DE DATOS - _vESTUDIO DE CASOS _93889 |
|
| 905 | _aLibro | ||
| 999 |
_c6953 _d6953 |
||